[Event "grenke Chess Open 2025"]
[Site "Karlsruhe GER"]
[Date "2025.04.18"]
[Round "2.5"]
[White "Yuffa, Daniil"]
[Black "Neukirchner, Pascal"]
[Result "1-0"]
[WhiteTitle "GM"]
[BlackTitle "FM"]
[WhiteElo "2649"]
[BlackElo "2245"]
[WhiteFideId "24131423"]
[BlackFideId "12997927"]
[EventDate "2025.04.17"]

1. e4 c5 2. Nf3 Nc6 3. Bb5 g6 4. Bxc6 dxc6 5. d3 Bg7 6. h3 b6 7. Nc3 e5 8. Be3
Ne7 9. a3 Qd6 10. Qb1 Ba6 11. O-O c4 12. Rd1 cxd3 13. cxd3 c5 14. b4 O-O 15. Qb3
Rfc8 16. Ng5 c4 17. Qa2 h6 18. dxc4 Qc7 19. b5 hxg5 20. bxa6 Qxc4 21. Rd8+ 1-0

[Event "grenke Chess Open 2025"]
[Site "Karlsruhe GER"]
[Date "2025.04.18"]
[Round "2.6"]
[White "Ivic, Velimir"]
[Black "Wintzer, Joachim"]
[Result "1-0"]
[WhiteTitle "GM"]
[BlackTitle "FM"]
[WhiteElo "2623"]
[BlackElo "2243"]
[WhiteFideId "950122"]
[BlackFideId "4602854"]
[EventDate "2025.04.17"]

1. e4 c6 2. d4 d5 3. e5 Bf5 4. Nd2 e6 5. Nb3 Nd7 6. Nf3 Ne7 7. Be2 Bg4 8. h3
Bxf3 9. Bxf3 c5 10. c3 Nc6 11. O-O Be7 12. Be2 O-O 13. Be3 cxd4 14. cxd4 Rc8 15.
Rc1 Qb6 16. a3 Na5 17. Nxa5 Qxa5 18. Qb3 Qb6 19. Qa4 Nb8 20. Rc2 Rc6 21. f4 Rxc2
22. Qxc2 f6 23. Bd3 f5 24. g4 g6 25. Kh1 Kh8 26. Rg1 Qd8 27. h4 Rf7 28. h5 Qf8
29. Qh2 Qh6 30. Be2 gxh5 31. gxf5 Rxf5 32. Bg4 Rf8 33. Qh3 Qg6 34. Bxe6 Qe4+ 35.
Qg2 Nc6 36. Bxd5 1-0

[Event "grenke Chess Open 2025"]
[Site "Karlsruhe GER"]
[Date "2025.04.18"]
[Round "2.7"]
[White "Vuelban, Virgilio"]
[Black "Donchenko, Alexander"]
[Result "0-1"]
[WhiteTitle "IM"]
[BlackTitle "GM"]
[WhiteElo "2244"]
[BlackElo "2617"]
[WhiteFideId "5201896"]
[BlackFideId "24603295"]
[EventDate "2025.04.17"]

1. d4 Nf6 2. c4 e6 3. Nc3 Bb4 4. e3 O-O 5. a3 Bxc3+ 6. bxc3 c5 7. Bd3 Nc6 8. Ne2
b6 9. e4 Ne8 10. O-O Ba6 11. f4 f5 12. Be3 fxe4 13. Bxe4 Nd6 14. Bxc6 dxc6 15.
dxc5 Nxc4 16. Bf2 Qe7 17. Qc1 bxc5 18. Re1 Rad8 19. Ng3 Rd5 20. Ne4 e5 21. Bg3
Qf7 22. fxe5 Nxe5 23. Ng5 Qf5 24. Bxe5 Qf2+ 25. Kh1 Rxe5 26. Nf3 Re2 27. Rxe2
Bxe2 28. Ng1 Bc4 29. Nh3 Qe2 30. Qe1 Qb2 31. Ng1 Bd5 0-1

[Event "grenke Chess Open 2025"]
[Site "Karlsruhe GER"]
[Date "2025.04.18"]
[Round "2.8"]
[White "Safarli, Eltaj"]
[Black "Jahncke, Giso"]
[Result "1-0"]
[WhiteTitle "GM"]
[BlackTitle "FM"]
[WhiteElo "2617"]
[BlackElo "2241"]
[WhiteFideId "13402129"]
[BlackFideId "24608289"]
[EventDate "2025.04.17"]

1. e4 e5 2. Nf3 Nc6 3. Bb5 a6 4. Ba4 Nf6 5. Nc3 Be7 6. Bxc6 dxc6 7. h3 Qd6 8. d3
c5 9. Be3 Be6 10. Qe2 Nd7 11. Nd2 O-O-O 12. O-O-O b5 13. Qf3 c6 14. Qg3 g5 15.
Bxg5 Bxg5 16. Qxg5 Rdg8 17. Qe3 Rxg2 18. Ne2 Rg6 19. f4 exf4 20. Nxf4 Rg7 21.
Rhe1 Qd4 22. Qf3 Bxa2 23. Ne2 Qe5 24. d4 cxd4 25. Qa3 d3 26. Qxa6+ Kb8 27. Nf3
Qc5 28. Rxd3 Be6 29. Ned4 Qb6 30. Nxc6+ Kc7 31. Qa3 Qxc6 32. Qa7+ Qb7 33. Qd4
Rgg8 34. Rc3+ Bc4 35. Rd1 Rd8 36. b3 Qb6 37. bxc4 Qxd4 38. Nxd4 bxc4 39. Rxc4+
Kb6 40. Nc6 Rc8 41. Rxd7 Rxc6 42. Rxc6+ Kxc6 43. Rxf7 Kc5 44. Kd2 Kd4 45. Re7 h5
46. c3+ Kc4 47. Rc7+ Kb3 48. Ke3 Rg8 49. Kf4 h4 50. e5 1-0

[Event "grenke Chess Open 2025"]
[Site "Karlsruhe GER"]
[Date "2025.04.18"]
[Round "2.9"]
[White "Geher, Koppany"]
[Black "Bartel, Mateusz"]
[Result "0-1"]
[BlackTitle "GM"]
[WhiteElo "2244"]
[BlackElo "2595"]
[WhiteFideId "785091"]
[BlackFideId "1112635"]
[EventDate "2025.04.17"]

1. e4 c6 2. Nf3 d5 3. d3 g6 4. e5 Bg7 5. d4 f6 6. exf6 Nxf6 7. c4 Be6 8. Ng5 Bg8
9. cxd5 Nxd5 10. Nf3 Nd7 11. Be2 Qa5+ 12. Nbd2 Nf4 13. O-O Nxe2+ 14. Qxe2 Bd5
15. Nc4 Qa6 16. Re1 O-O 17. Nce5 Nxe5 18. Nxe5 Qa4 19. Qd1 Qxd1 20. Rxd1 Rfd8
21. f4 a5 22. Be3 a4 23. a3 Bb3 24. Rd2 Ra5 25. Rc1 Bd5 26. Rc5 Ra6 27. Kf2 e6
28. Rc1 Rb6 29. h4 Rb3 30. Nd3 b6 31. Ne5 Bxg2 32. Nxc6 Rf8 33. Ne5 Bd5 34. Rc7
Bf6 35. h5 gxh5 36. Rc3 Rxc3 37. bxc3 Rc8 38. Rc2 b5 39. Rc1 Rc7 40. Rg1+ Kf8
41. Bd2 Bh4+ 42. Ke2 Rg7 43. Rxg7 Kxg7 44. Nd3 Bc4 45. Ke3 Bxd3 46. Kxd3 Be7 47.
Bc1 h4 48. Ke4 Kg6 49. Bb2 h3 50. Kf3 Bh4 0-1

[Event "grenke Chess Open 2025"]
[Site "Karlsruhe GER"]
[Date "2025.04.18"]
[Round "2.10"]
[White "Meier, Georg"]
[Black "Litzka, Richard"]
[Result "1/2-1/2"]
[WhiteTitle "GM"]
[WhiteElo "2595"]
[BlackElo "2238"]
[WhiteFideId "4675789"]
[BlackFideId "12971731"]
[EventDate "2025.04.17"]

1. Nf3 d6 2. d4 Nf6 3. c4 g6 4. Nc3 Bg7 5. g3 Bf5 6. Bg2 Ne4 7. Nb1 Nf6 8. b3
Qc8 9. h3 c5 10. Bb2 O-O 11. g4 Bxb1 12. Rxb1 cxd4 13. Nxd4 Nc6 14. Nc2 a5 15.
Ne3 a4 16. b4 a3 17. Ba1 h5 18. Bxf6 Bxf6 19. gxh5 Nxb4 20. Qd2 Nc6 21. Rg1 Ne5
22. hxg6 fxg6 23. Bxb7 Rb8 24. Bd5+ Kh7 25. Rxb8 Qxb8 26. Nd1 Qb1 27. Kf1 Qf5
28. Ne3 Qf4 29. Qc2 Bh4 30. Bf3 Qh2 31. Nd1 Rxf3 32. exf3 Qxh3+ 33. Rg2 Qh1+ 34.
Rg1 Qh3+ 35. Rg2 Qh1+ 36. Rg1 Qh3+ 1/2-1/2

[Event "grenke Chess Open 2025"]
[Site "Karlsruhe GER"]
[Date "2025.04.18"]
[Round "2.11"]
[White "Unzicker, Ferdinand"]
[Black "Muradli, Mahammad"]
[Result "0-1"]
[WhiteTitle "FM"]
[BlackTitle "GM"]
[WhiteElo "2241"]
[BlackElo "2588"]
[WhiteFideId "4619196"]
[BlackFideId "13409301"]
[EventDate "2025.04.17"]

1. d4 Nf6 2. c4 e6 3. Nc3 Bb4 4. a3 Bxc3+ 5. bxc3 Nc6 6. f3 b6 7. e4 Ba6 8. Bg5
h6 9. Bh4 Qc8 10. e5 Ng8 11. Bd3 Nge7 12. f4 Ng6 13. Bg3 h5 14. h3 h4 15. Bh2
Nge7 16. Nf3 Na5 17. Qe2 d5 18. exd6 cxd6 19. Nd2 O-O 20. Bg1 d5 21. Bf2 Nf5 22.
O-O Bxc4 23. Nxc4 Nxc4 24. Qh5 Ncd6 25. Bxh4 g6 26. Qg4 Nxh4 27. Qxh4 Qxc3 28.
Rad1 Qxd4+ 29. Kh1 Qg7 30. f5 exf5 31. Bxf5 gxf5 32. Rxd5 Ne4 33. Rfxf5 Ng3+ 34.
Kh2 Nxf5 35. Rxf5 f6 36. Rf3 Qh7 37. Qg3+ Kh8 38. Rf4 Rg8 39. Qc3 Rg6 40. g3 Qe7 0-1

[Event "grenke Chess Open 2025"]
[Site "Karlsruhe GER"]
[Date "2025.04.18"]
[Round "2.12"]
[White "Jacobson, Brandon"]
[Black "Papp, Bence"]
[Result "1-0"]
[WhiteTitle "GM"]
[BlackTitle "FM"]
[WhiteElo "2570"]
[BlackElo "2236"]
[WhiteFideId "30901561"]
[BlackFideId "788384"]
[EventDate "2025.04.17"]

1. Nf3 Nf6 2. c4 e6 3. Nc3 d5 4. e3 Be7 5. b3 c5 6. Bb2 Nc6 7. cxd5 exd5 8. d4
O-O 9. Be2 Be6 10. O-O Ne4 11. dxc5 Bxc5 12. Qc2 Nb4 13. Qc1 Be7 14. Nxe4 dxe4
15. Nd4 Qb6 16. Rd1 Rfd8 17. Nxe6 Rxd1+ 18. Qxd1 Qxe6 19. Qd4 Bf8 20. Rd1 Nc6
21. Qc4 Re8 22. Qxe6 Rxe6 23. Bc4 Re7 24. Kf1 g6 25. g4 Ne5 26. Be2 h6 27. Rd8
Nc6 28. Rc8 Rd7 29. Bc4 Nd8 30. Bf6 Nc6 31. h4 Ne7 32. Re8 a6 33. a4 Rc7 34. Kg2
Rd7 35. Kg3 h5 36. gxh5 Nf5+ 37. Kf4 Nd6 38. Ra8 gxh5 39. Bd5 b5 40. a5 1-0

[Event "grenke Chess Open 2025"]
[Site "Karlsruhe GER"]
[Date "2025.04.18"]
[Round "2.13"]
[White "Uphoff, Lennart"]
[Black "Kazakouski, Valery"]
[Result "0-1"]
[BlackTitle "GM"]
[WhiteElo "2241"]
[BlackElo "2563"]
[WhiteFideId "16204212"]
[BlackFideId "13507443"]
[EventDate "2025.04.17"]

1. d4 d6 2. Nf3 Nf6 3. c4 g6 4. Nc3 Bg7 5. e4 Bg4 6. Be2 Bxf3 7. Bxf3 e5 8. Be3
Nc6 9. d5 Nd4 10. Bxd4 exd4 11. Qxd4 O-O 12. O-O Nd7 13. Qd2 f5 14. Ne2 Ne5 15.
Nd4 Nxc4 16. Qe2 Bxd4 17. Qxc4 fxe4 18. Bxe4 Qf6 19. Qxc7 Bxf2+ 20. Kh1 Qh4 21.
Bf3 Bg3 22. h3 Be5 23. Rae1 Rxf3 0-1

[Event "grenke Chess Open 2025"]
[Site "Karlsruhe GER"]
[Date "2025.04.18"]
[Round "2.14"]
[White "Pultinevicius, Paulius"]
[Black "Biastoch, Bennet"]
[Result "1/2-1/2"]
[WhiteTitle "GM"]
[BlackTitle "FM"]
[WhiteElo "2558"]
[BlackElo "2234"]
[WhiteFideId "12809390"]
[BlackFideId "12939889"]
[EventDate "2025.04.17"]

1. d4 d5 2. c4 e6 3. Nf3 Nf6 4. g3 dxc4 5. Bg2 c6 6. O-O b5 7. Ne5 Bb7 8. a4 a6
9. b3 cxb3 10. Bb2 Be7 11. Nd2 Nfd7 12. Nd3 Nb6 13. Nc5 Qc7 14. axb5 axb5 15.
Nxb7 Qxb7 16. d5 exd5 17. Bxg7 Rg8 18. Rxa8 Qxa8 19. Ba1 Qa4 20. Nxb3 N8d7 21.
e4 Rg6 22. exd5 cxd5 23. Qb1 Bf6 24. Bxf6 Nxf6 25. Nc5 Qa5 26. Nb7 Qa6 27. Re1+
Kf8 28. Qb4+ Kg8 29. Qe7 Nc4 30. Nd8 Nd6 31. Rc1 Nfe4 32. Bxe4 dxe4 33. Nc6 h6
34. Qd8+ Kh7 35. Ne7 Rg5 36. Rc6 Qa1+ 37. Kg2 Nf5 38. Nxf5 Rxf5 39. Qh4 Qg7 40.
Qxe4 Qe5 41. Qc2 Kg7 42. Rc3 Qd5+ 43. f3 Re5 44. Rd3 Qe6 45. Qb2 Kh7 46. Rd2 h5
47. Qc2+ Kg7 48. Qc3 Kh7 49. Qd3+ Kg7 50. Qd4 Kh7 51. Kf2 Qf5 52. h3 Rc5 53. g4
hxg4 54. hxg4 Qe5 55. Qd3+ Kg7 56. Kg2 Rc3 57. Qd4 1/2-1/2

[Event "grenke Chess Open 2025"]
[Site "Karlsruhe GER"]
[Date "2025.04.18"]
[Round "2.15"]
[White "Stoettner, Moritz"]
[Black "Sanal, Vahap"]
[Result "0-1"]
[BlackTitle "GM"]
[WhiteElo "2238"]
[BlackElo "2550"]
[WhiteFideId "16277163"]
[BlackFideId "6300545"]
[EventDate "2025.04.17"]

1. Nf3 d5 2. g3 Bg4 3. Bg2 Nd7 4. d4 e6 5. c4 c6 6. h3 Bh5 7. Qb3 Qb6 8. Nc3
Ngf6 9. Bf4 Be7 10. c5 Qa6 11. Qd1 b6 12. b4 Bxf3 13. Bxf3 bxc5 14. bxc5 Qa5 15.
Qd2 Bd8 16. O-O Bc7 17. Bxc7 Qxc7 18. Rfe1 O-O 19. e4 dxe4 20. Nxe4 Nxe4 21.
Rxe4 Nf6 22. Qf4 Qd7 23. Re5 Rab8 24. Rd1 Rb4 25. g4 Qc7 26. Qe3 Rfb8 27. h4 Rb2
28. h5 Rxa2 29. g5 Nd5 30. Bxd5 cxd5 31. g6 h6 32. Re1 Rf8 33. Qb3 Ra6 34. R1e3
Qd8 35. Qd3 Ra1+ 36. Kg2 fxg6 37. Qxg6 Qh4 38. Rf5 0-1

[Event "grenke Chess Open 2025"]
[Site "Karlsruhe GER"]
[Date "2025.04.18"]
[Round "2.16"]
[White "Amar, Elham"]
[Black "Avdic, Faris"]
[Result "1-0"]
[WhiteTitle "GM"]
[WhiteElo "2546"]
[BlackElo "2232"]
[WhiteFideId "1533533"]
[BlackFideId "14422328"]
[EventDate "2025.04.17"]

1. e4 c5 2. Nf3 d6 3. d4 cxd4 4. Nxd4 Nf6 5. Nc3 g6 6. Be3 Bg7 7. f3 Nc6 8. Qd2
O-O 9. O-O-O d5 10. exd5 Nxd5 11. Nxc6 bxc6 12. Bd4 e5 13. Bc5 Re8 14. Ne4 Qc7
15. h4 f5 16. Nd6 Rd8 17. Nxc8 Raxc8 18. Bc4 h5 19. Kb1 Kh7 20. Qf2 Nb6 21. Bb3
Rxd1+ 22. Rxd1 Rd8 23. Rxd8 Qxd8 24. a4 Bf6 25. Qe2 Qc7 26. Qa6 e4 27. fxe4 fxe4
28. a5 Qe5 29. Qxa7+ Bg7 30. Bg8+ Kxg8 31. Qxb6 Bf8 32. Bxf8 Kxf8 33. a6 1-0

[Event "grenke Chess Open 2025"]
[Site "Karlsruhe GER"]
[Date "2025.04.18"]
[Round "2.17"]
[White "Beeck, Mats"]
[Black "Engel, Luis"]
[Result "0-1"]
[BlackTitle "GM"]
[WhiteElo "2236"]
[BlackElo "2544"]
[WhiteFideId "12936944"]
[BlackFideId "12961523"]
[EventDate "2025.04.17"]

1. c4 e6 2. g3 d5 3. Bg2 d4 4. Nf3 c5 5. O-O Nc6 6. d3 Bd6 7. e3 Nge7 8. exd4
cxd4 9. Na3 e5 10. Re1 f6 11. Nd2 O-O 12. Ne4 Bb8 13. c5 Be6 14. Qa4 Nd5 15. Bd2
Qd7 16. Rac1 a6 17. Nc4 Bc7 18. b4 Kh8 19. Qb3 Bg8 20. a4 f5 21. Ned6 Bxd6 22.
cxd6 Nf6 23. b5 axb5 24. Qxb5 Bxc4 25. Rxc4 e4 26. Qc5 Rfe8 27. Rb1 h6 28. Bh3
Ne5 29. Rxd4 Nf3+ 30. Kg2 Re5 31. Qxe5 Nxe5 32. dxe4 Rxa4 33. Bxf5 Rxd4 34. Bxd7
Rxd2 35. Bf5 g6 36. Bxg6 0-1

[Event "grenke Chess Open 2025"]
[Site "Karlsruhe GER"]
[Date "2025.04.18"]
[Round "2.18"]
[White "Woodward, Andy"]
[Black "Le Corre, Benjamin"]
[Result "1-0"]
[WhiteTitle "GM"]
[BlackTitle "FM"]
[WhiteElo "2536"]
[BlackElo "2225"]
[WhiteFideId "30953499"]
[BlackFideId "639605"]
[EventDate "2025.04.17"]

1. d4 Nf6 2. Nf3 g6 3. Nbd2 c5 4. dxc5 Bg7 5. e4 Qa5 6. Qe2 Qxc5 7. e5 Ng4 8.
Ne4 Qb6 9. Nfg5 Nxe5 10. f4 h6 11. Nh3 d5 12. Nc3 Nc4 13. Nxd5 Qa5+ 14. c3 Qxd5
15. Qxc4 Be6 16. Qxd5 Bxd5 17. Bb5+ Nc6 18. O-O O-O 19. f5 g5 20. Nf2 a6 21. Be2
Ne5 22. b3 Rac8 23. c4 Bc6 24. Be3 Rfe8 25. Rae1 Rcd8 26. Bh5 Bf6 27. Re2 b5 28.
Bb6 Rd7 29. Rfe1 bxc4 30. Rxe5 Bxe5 31. Rxe5 Rd5 32. Re3 cxb3 33. axb3 Rxf5 34.
Ng4 Kh7 35. Ne5 Bd5 36. Be2 Kg7 37. b4 Rf4 38. Bc5 Ra8 39. Nd7 Re4 40. Nb6 Rxe3
41. Bxe3 Rd8 42. Nxd5 Rxd5 43. Bxa6 Kf6 44. Be2 e5 45. b5 Ke7 46. b6 Kd7 47.
Bg4+ Kd6 48. Bf5 Rb5 49. Kf2 Rb2+ 50. Kf3 Rb3 51. g4 Ra3 52. Be4 f6 53. h3 Kd7
54. Bd5 Kd6 55. b7 Kc7 56. Ke4 Ra4+ 57. Kf5 Ra6 58. Bc5 Kb8 59. Be7 1-0

[Event "grenke Chess Open 2025"]
[Site "Karlsruhe GER"]
[Date "2025.04.18"]
[Round "2.19"]
[White "Werthebach, Felix"]
[Black "Subelj, Jan"]
[Result "0-1"]
[BlackTitle "GM"]
[WhiteElo "2233"]
[BlackElo "2528"]
[WhiteFideId "24609684"]
[BlackFideId "14618583"]
[EventDate "2025.04.17"]

1. c4 e6 2. g3 d5 3. Bg2 d4 4. Nf3 Nc6 5. O-O Nh6 6. d3 Nf5 7. e4 dxe3 8. fxe3
e5 9. Na3 h5 10. d4 exd4 11. exd4 Ncxd4 12. Re1+ Be7 13. Nc2 Ne6 14. Qd5 g6 15.
Ne3 c6 16. Qxd8+ Nxd8 17. Bd2 Bc5 18. b4 Bxe3+ 19. Bxe3 Nxe3 20. Rxe3+ Be6 21.
Nd4 O-O 22. c5 a5 23. Ra3 a4 24. Re1 Kg7 25. Re2 Ra7 26. Rc3 a3 27. b5 Ra5 28.
Ree3 Bxa2 29. Rxa3 Rxa3 30. Rxa3 Bc4 31. bxc6 Nxc6 32. Rc3 Nxd4 33. Rxc4 Nc6 34.
Rc3 Rd8 35. Rb3 Rd7 36. Rb6 Nd8 37. Kf2 Rd2+ 38. Kf1 Ne6 39. Rb5 Rc2 40. Rxb7
Rxc5 41. Rd7 Nf8 42. Rd6 Nh7 43. Bf3 Rc3 44. Ke2 Ng5 45. Bg2 Ne6 46. Rd3 Rc7 47.
h4 Rc2+ 48. Kf1 Nc5 49. Re3 Nd7 50. Re2 Rc3 51. Kf2 Kf6 52. Bh3 Ne5 53. Kg2 Rc5
54. Rf2+ Ke7 55. Re2 f6 56. Kh2 Rc3 57. Kg2 Kf7 58. Ra2 f5 59. Kh2 Re3 60. Bf1
Ng4+ 61. Kg2 Nf6 62. Bc4+ Kg7 63. Ra7+ Kh6 64. Rb7 Rc3 65. Bf7 Rc2+ 66. Kg1 Rc3
67. Kg2 Ne4 68. Rb3 Rc2+ 69. Kg1 Rd2 70. Bc4 Kg7 71. Rb7+ Kf6 72. Rf7+ Ke5 73.
Rg7 Rd4 74. Bg8 Rd1+ 75. Kg2 Rd2+ 76. Kg1 Nxg3 77. Rxg6 Kf4 78. Rb6 Kg4 79. Bc4
Kxh4 80. Rb3 Kg4 81. Ba6 h4 82. Rb4+ Kg5 83. Rb3 Ra2 84. Bb7 Ne2+ 85. Kh1 Nf4
86. Rb5 Nh5 87. Rb3 Rd2 88. Kg1 Nf6 89. Rb5 Ng4 90. Rb3 Rc2 91. Bd5 Nf6 92. Be6
Ne4 93. Bd5 Kg4 94. Be6 Nc5 95. Re3 Nxe6 96. Rxe6 f4 97. Re8 Kf3 98. Rh8 Ra2 99.
Rh7 Rg2+ 100. Kf1 Rg4 101. Rh8 Kg3 102. Kg1 f3 103. Rh7 Rg8 104. Rh6 h3 105. Rh7
f2+ 106. Kf1 h2 107. Rh6 Rg4 0-1

[Event "grenke Chess Open 2025"]
[Site "Karlsruhe GER"]
[Date "2025.04.18"]
[Round "2.20"]
[White "Ten Hertog, Hugo"]
[Black "Braeutigam, Alexander"]
[Result "1-0"]
[WhiteTitle "GM"]
[WhiteElo "2528"]
[BlackElo "2223"]
[WhiteFideId "1026356"]
[BlackFideId "16245210"]
[EventDate "2025.04.17"]

1. g3 c5 2. Bg2 Nf6 3. c3 Nc6 4. d3 d5 5. a3 a5 6. a4 e5 7. Bg5 Be7 8. Nf3 Be6
9. O-O O-O 10. Nfd2 Ne8 11. Bxe7 Qxe7 12. Na3 f5 13. e4 dxe4 14. dxe4 f4 15. Qe2
Nd6 16. Rfd1 Rad8 17. Bf1 Qg5 18. Qe1 fxg3 19. hxg3 h5 20. Ndc4 Nxc4 21. Bxc4
Bxc4 22. Nxc4 h4 23. Rxd8 Rxd8 24. Qe3 Qg4 25. Kg2 hxg3 26. fxg3 Rf8 27. Re1 Rf6
28. Qe2 Qg6 29. Qd3 Qg4 30. Qd1 Qg5 31. Qd5+ Kh7 32. Qxc5 Rh6 33. Qf2 Ne7 34.
Rh1 Rxh1 35. Kxh1 Qg4 36. Qg2 Qd1+ 37. Kh2 Kg8 38. Qd2 Qh5+ 39. Kg2 Qg4 40. Qd3
Ng6 41. Kf2 Qh3 42. Ne3 Qh2+ 43. Ng2 Kh7 44. Qf3 Qh6 45. Ne3 Kg8 46. Qg4 Ne7 47.
Qd7 Qf6+ 48. Kg2 Qg5 49. Qe6+ Kh8 50. Qh3+ Kg8 51. Qe6+ Kh8 52. Nc4 Ng6 53. Qc8+
Kh7 54. Qf5 Qh6 55. Nxe5 Qd2+ 56. Kh3 Qh6+ 57. Kg4 1-0

[Event "grenke Chess Open 2025"]
[Site "Karlsruhe GER"]
[Date "2025.04.18"]
[Round "2.21"]
[White "Vu Dinh, Adrien"]
[Black "Lashkin, Jegor"]
[Result "0-1"]
[BlackTitle "IM"]
[WhiteElo "2232"]
[BlackElo "2528"]
[WhiteFideId "45186995"]
[BlackFideId "13907808"]
[EventDate "2025.04.17"]

1. e4 c5 2. Nf3 d6 3. d4 cxd4 4. Nxd4 Nf6 5. Nc3 a6 6. Rg1 e5 7. Nb3 h5 8. h3 h4
9. Be3 Be6 10. Qf3 Nbd7 11. O-O-O Rc8 12. Nd5 g6 13. c3 Bxd5 14. exd5 Bh6 15.
Bxh6 Rxh6 16. Qe3 Rh8 17. g4 hxg3 18. fxg3 Qb6 19. Qxb6 Nxb6 20. Na5 Rc7 21. c4
Nxc4 22. Bxc4 b5 23. Rg2 Rxh3 24. b3 bxc4 25. Nxc4 Ke7 26. Kb2 Rc5 27. g4 Rxd5
28. Rc1 Nd7 29. b4 Rd4 30. a3 Rdd3 31. Na5 Nb6 32. Rc6 Na4+ 33. Kb1 Rxa3 34.
Rxa6 Nc3+ 0-1

[Event "grenke Chess Open 2025"]
[Site "Karlsruhe GER"]
[Date "2025.04.18"]
[Round "2.22"]
[White "Kunin, Vitaly"]
[Black "Mrozowski, Patryk"]
[Result "1/2-1/2"]
[WhiteTitle "GM"]
[BlackTitle "CM"]
[WhiteElo "2522"]
[BlackElo "2220"]
[WhiteFideId "4128737"]
[BlackFideId "1155296"]
[EventDate "2025.04.17"]

1. d4 d5 2. c4 c6 3. Nf3 Nf6 4. Nbd2 e6 5. g3 Be7 6. Bg2 O-O 7. O-O b5 8. cxd5
cxd5 9. Ne5 Bb7 10. Ndf3 Ne4 11. h4 a5 12. h5 a4 13. a3 Nc6 14. Nxc6 Bxc6 15.
Ne5 Be8 16. h6 g6 17. Be3 Nd6 18. Bd2 Ne4 19. Bxe4 dxe4 20. Bb4 Bxb4 21. axb4
Qd6 22. Qd2 f6 23. Ng4 e5 24. Qe3 exd4 25. Qxe4 Bc6 26. Qf4 Qxf4 27. gxf4 Bd7
28. Nh2 Rac8 29. Rfd1 Rc4 30. Nf3 Rxb4 31. Rxd4 Rxd4 32. Nxd4 Rc8 33. e3 Kf7 34.
Kf1 Rc5 35. Ke2 Rh5 36. Rc1 Rxh6 37. Rc7 Ke8 38. e4 Rh5 39. Kd3 Kd8 40. Rb7 Rc5
41. Rb8+ Ke7 42. Nc2 h5 43. Ne3 Rc8 44. Nd5+ Ke6 45. Rb6+ Rc6 46. Rxb5 h4 47.
Rb8 Rc8 48. Rb6+ Rc6 49. Rb8 Rc8 50. Rb6+ 1/2-1/2

[Event "grenke Chess Open 2025"]
[Site "Karlsruhe GER"]
[Date "2025.04.18"]
[Round "2.23"]
[White "Seyhanoglu, Deniz"]
[Black "Maksimovic, Bojan"]
[Result "0-1"]
[WhiteTitle "CM"]
[BlackTitle "IM"]
[WhiteElo "2228"]
[BlackElo "2512"]
[WhiteFideId "6302572"]
[BlackFideId "14408120"]
[EventDate "2025.04.17"]

1. c4 Nf6 2. g3 g6 3. Bg2 Bg7 4. Nc3 O-O 5. e4 c5 6. Nge2 Nc6 7. d3 d6 8. O-O
Bg4 9. f3 Bd7 10. Be3 a6 11. a4 Rb8 12. h3 Ne8 13. f4 Nd4 14. Rb1 b5 15. axb5
axb5 16. Bxd4 cxd4 17. Nxb5 Bxb5 18. cxb5 Rxb5 19. Qc2 Qb6 20. Rfc1 Rc5 21. Qa4
Rxc1+ 22. Nxc1 Nc7 23. Nb3 Ra8 24. Qc4 Rb8 25. Nd2 Na6 26. Kf2 Nc5 27. Ke2 e6
28. Qc2 Qb4 29. Qc4 Na4 30. Qxb4 Rxb4 31. Kd1 Rxb2 32. Rxb2 Nxb2+ 33. Kc2 Na4
34. Kb3 Nc3 35. Bf3 Kf8 36. Kc4 Ke7 37. Nb3 e5 38. fxe5 dxe5 39. Nd2 Bh6 40. Nf1
Bc1 41. h4 h5 42. Kb3 Kf6 43. Kc2 Bh6 44. g4 hxg4 45. Bxg4 Bf4 46. Kb3 Ke7 47.
Kc4 Kd6 48. Kb3 Nb5 49. Kc2 Nc7 50. Kb3 Ne8 51. Kc4 Ng7 52. Bf3 f5 53. h5 gxh5
54. exf5 Ke7 55. Kd5 Kf6 56. Bg2 Nxf5 57. Ke4 Ng7 58. Kf3 Ne6 59. Kf2 Ng5 60.
Bc6 h4 61. Bb7 Ke7 62. Bc6 Kd6 63. Bb7 Kc5 64. Ke2 Kb4 65. Bc6 Kc3 66. Bd5 h3
67. Bh1 Ne6 0-1

[Event "grenke Chess Open 2025"]
[Site "Karlsruhe GER"]
[Date "2025.04.18"]
[Round "2.24"]
[White "Costa, Leonardo"]
[Black "Semling, Julius"]
[Result "1-0"]
[WhiteTitle "IM"]
[WhiteElo "2510"]
[BlackElo "2220"]
[WhiteFideId "16213955"]
[BlackFideId "16290160"]
[EventDate "2025.04.17"]

1. e4 c5 2. Nf3 d6 3. d4 cxd4 4. Nxd4 Nf6 5. Nc3 Nc6 6. Bg5 e6 7. Qd2 a6 8.
O-O-O Bd7 9. Kb1 Be7 10. Nxc6 Bxc6 11. f3 Qc7 12. h4 O-O-O 13. Bd3 d5 14. exd5
Bxd5 15. Nxd5 Nxd5 16. Bxe7 Qxe7 17. g3 h6 18. f4 Qc7 19. Qf2 Qb6 20. Qxb6 Nxb6
21. Be4 Nc4 22. Kc1 Kc7 23. b3 Rxd1+ 24. Rxd1 Nd6 25. Bd3 Rd8 26. c4 a5 27. Kc2
b6 28. Re1 Nb7 29. a3 Nc5 30. Bf1 Nd7 31. Bg2 Re8 32. b4 g6 33. Kc3 Rb8 34. Rb1
Kd6 35. Kd4 f6 36. bxa5 bxa5 37. c5+ Kc7 38. Rxb8 Nxb8 39. Kc4 Nd7 40. Bh3 Kc6
41. Bg2+ Kc7 42. Kb5 e5 43. c6 Nf8 44. fxe5 fxe5 45. Kxa5 Ne6 46. Kb5 Nd4+ 47.
Kc5 g5 48. Be4 gxh4 49. gxh4 Ne2 50. a4 Nc3 51. Bc2 e4 52. Kc4 Ne2 53. Bxe4 Kb6
54. a5+ Kc7 55. a6 Kb6 56. c7 Kxc7 57. a7 1-0

[Event "grenke Chess Open 2025"]
[Site "Karlsruhe GER"]
[Date "2025.04.18"]
[Round "2.25"]
[White "Noe, Christopher"]
[Black "Stoettner, Lukas"]
[Result "1/2-1/2"]
[WhiteTitle "IM"]
[BlackTitle "CM"]
[WhiteElo "2508"]
[BlackElo "2219"]
[WhiteFideId "24692018"]
[BlackFideId "16289951"]
[EventDate "2025.04.17"]

1. Nf3 d5 2. e3 Nf6 3. c4 e6 4. b3 c5 5. Bb2 Nc6 6. cxd5 exd5 7. Be2 d4 8. exd4
cxd4 9. Bb5 Bd6 10. O-O O-O 11. Bxc6 bxc6 12. Bxd4 Bg4 13. h3 Bh5 14. Re1 Bc7
15. Nc3 Bxf3 16. Bxf6 Qxf6 17. Qxf3 Qxf3 18. gxf3 Rad8 19. Rad1 Rd6 20. Re4 f5
21. Rc4 Rfd8 22. d4 Bb6 23. Ne2 c5 24. Rd3 Kf7 25. a4 cxd4 26. b4 a6 1/2-1/2